000
00338nam a2200133Ia 4500
008
240624s9999 xx 000 0 und d
041
_a
eng
082
_a
338.90091724 STE
100
_a
STREN NICHOLAS
245
_a
STRATEGY FOR DEVELOPMENT
260
_c
2002
_a
New Delhi
_b
World Bank
300
_a
vi, : 194 : p. : cm. ; 25
365
_c
_b
30
999
_c
5137
_d
5137